[Event "LTU-chT"]
[Site "Lithuania"]
[Date "2022.03.12"]
[Round "3.4"]
[White "Bazilius, Augustinas"]
[Black "Kuznecovas, Kevinas"]
[Result "1-0"]
[WhiteElo "2048"]
[BlackElo "1867"]
[PlyCount "89"]
[EventDate "2022.03.11"]
[EventType "team-swiss"]
[EventRounds "7"]
[EventCountry "LTU"]
[SourceTitle "CBM 207 Extra"]
[Source "ChessBase"]
[SourceDate "2022.05.31"]
[SourceVersion "1"]
[SourceVersionDate "2022.05.31"]
[SourceQuality "1"]
[WhiteTeam "Vilnius Juoda Balta"]
[BlackTeam "Vilnius Tauras"]
[WhiteTeamCountry "LTU"]
[BlackTeamCountry "LTU"]

1. d4 Nf6 2. Nf3 e6 3. g3 b6 4. c4 Bb7 5. Bg2 Be7 6. 0-0 0-0 7. Nc3 Bb4 8. Qc2 Bxc3 9. Qxc3 d6 10. b3 Nbd7 11. Bb2 Ne4 12. Qc2 f5 13. Rfd1 Ndf6 14. Ng5 Qe8 15. Rac1 h6 16. Nxe4 Bxe4 17. Bxe4 fxe4 18. f3 Qh5 19. Kg2 Rf7 20. Rf1 Raf8 21. Rce1 exf3+ 22. exf3 Nh7 23. Qe2 Rf6 24. f4 Qxe2+ 25. Rxe2 d5 26. Rfe1 Rd8 27. Rxe6 Rxe6 28. Rxe6 Kf7 29. Re2 Nf6 30. Kf3 c6 31. Rc2 Rd7 32. cxd5 cxd5 33. Ba3 Ne4 34. g4 Kf6 35. Rc6+ Kf7 36. Ke3 Kg8 37. f5 Kf7 38. Rc8 g6 39. Kf4 Nf6 40. h4 Ne4 41. Ke5 g5 42. Rf8+ Kg7 43. f6+ Kh7 44. Ke6 Rc7 45. f7 1-0

[Event "LTU-chT"]
[Site "Lithuania"]
[Date "2021.05.14"]
[Round "5.4"]
[White "Kuznecovas, Kevinas"]
[Black "Valantiejus, Vaidotas"]
[Result "1/2-1/2"]
[WhiteElo "1882"]
[BlackElo "2117"]
[PlyCount "83"]
[EventDate "2021.05.07"]
[EventType "team-swiss"]
[EventRounds "7"]
[EventCountry "LTU"]
[SourceTitle "CBM 202 Extra"]
[Source "ChessBase"]
[SourceDate "2021.07.31"]
[SourceVersion "1"]
[SourceVersionDate "2021.07.31"]
[SourceQuality "1"]
[WhiteTeam "Vilnius Tauras"]
[BlackTeam "Kaunas Gambiteriai"]
[WhiteTeamCountry "LTU"]
[BlackTeamCountry "LTU"]

1. e4 c5 2. Nf3 e6 3. d3 Nc6 4. g3 d5 5. Nbd2 Bd6 6. Bg2 Nge7 7. 0-0 0-0 8. Re1 Qc7 9. Qe2 f6 10. h4 Bd7 11. Nf1 Rae8 12. N1h2 Kh8 13. h5 b5 14. Nh4 Kg8 15. c3 b4 16. f4 bxc3 17. bxc3 dxe4 18. dxe4 Rd8 19. N2f3 Qa5 20. Bb2 c4 21. e5 fxe5 22. fxe5 Nxe5 23. Nxe5 Bxe5 24. Qxe5 Qb6+ 25. Kh1 Qxb2 26. h6 gxh6 27. Bh3 Bc6+ 28. Ng2 Rf7 29. Qxe6 Bd7 30. Qxh6 Bxh3 31. Qxh3 Qxc3 32. Rac1 Qd4 33. Qe6 Rd6 34. Qxc4 Qxc4 35. Rxc4 Rd2 36. Ra4 Nf5 37. Kh2 Nd4 38. Kh3 Nf3 39. Re8+ Kg7 40. Rg4+ Kf6 41. Rf4+ Kg7 42. Rg4+ 1/2-1/2

[Event "LTU-ch Amateurs"]
[Site "Kaunas"]
[Date "2020.08.30"]
[Round "7"]
[White "Kuznecovas, Kevinas"]
[Black "Jasiukaitis, Domantas"]
[Result "1-0"]
[WhiteElo "1795"]
[BlackElo "1228"]
[PlyCount "25"]
[EventDate "2020.08.27"]
[EventType "swiss"]
[EventRounds "7"]
[EventCountry "LTU"]
[SourceTitle "EXT 2022"]
[Source "ChessBase"]
[SourceDate "2021.10.06"]
[SourceVersion "1"]
[SourceVersionDate "2021.10.06"]
[SourceQuality "1"]

1. e4 c5 2. Nf3 Nc6 3. d4 cxd4 4. Nxd4 g6 5. Nc3 Bg7 6. Nxc6 bxc6 7. Bc4 Nf6 8. e5 Ng8 9. Qf3 f6 10. Be3 Nh6 11. 0-0-0 Bb7 12. exf6 exf6 13. Rhe1 1-0

[Event "Jonava Banaitis Memorial"]
[Site "Jonava"]
[Date "2020.01.19"]
[Round "1.8"]
[White "Kuznecovas, Kevinas"]
[Black "Vaznonis, Vytautas"]
[Result "0-1"]
[WhiteElo "1681"]
[BlackElo "2238"]
[PlyCount "29"]
[EventDate "2020.01.19"]
[EventType "swiss (rapid)"]
[EventRounds "9"]
[EventCountry "LTU"]
[SourceTitle "EXT 2023"]
[Source "ChessBase"]
[SourceDate "2022.10.05"]
[SourceVersion "1"]
[SourceVersionDate "2022.10.05"]
[SourceQuality "1"]

1. e4 e6 2. d4 d5 3. Nd2 c5 4. Ngf3 Nc6 5. c3 Nf6 6. Bd3 cxd4 7. cxd4 Qb6 8. exd5 Nxd5 9. Nb3 a5 10. Be3 a4 11. Nbd2 Qxb2 12. Rb1 Qc3 13. Qe2 Qa5 14. 0-0 Nc3 15. Qd1 0-1

[Event "LTU-ch"]
[Site "Vilnius"]
[Date "2019.03.19"]
[Round "7"]
[White "Kuznecovas, Kevinas"]
[Black "Piksrys, Rutenis"]
[Result "0-1"]
[WhiteElo "1310"]
[BlackElo "1549"]
[PlyCount "64"]
[EventDate "2019.03.15"]
[EventType "swiss"]
[EventRounds "9"]
[EventCountry "LTU"]
[SourceTitle "EXT 2020"]
[Source "ChessBase"]
[SourceDate "2019.10.17"]
[SourceVersion "1"]
[SourceVersionDate "2019.10.17"]
[SourceQuality "1"]

1. d4 Nf6 2. Nf3 g6 3. c4 c6 4. Nc3 Bg7 5. e4 d6 6. h3 0-0 7. Be3 a5 8. Qd2 d5 9. e5 Ne4 10. Nxe4 dxe4 11. Ng5 f5 12. exf6 exf6 13. Nxe4 Re8 14. Nc3 f5 15. 0-0-0 a4 16. a3 Be6 17. h4 h5 18. Bh6 Bf6 19. Bg5 Nd7 20. Bxf6 Qxf6 21. d5 Nc5 22. Rg1 Rad8 23. Qc2 cxd5 24. cxd5 Bd7 25. Bb5 Bxb5 26. Nxb5 Rc8 27. d6 Red8 28. Qc4+ Kf8 29. Qb4 Rd7 30. Rge1 b6 31. g3 Re8 32. Qc3 Qxc3+ 0-1

[Event "Kaunas Amateur-ch"]
[Site "Kaunas"]
[Date "2018.08.25"]
[Round "5"]
[White "Kuznecovas, Kevinas"]
[Black "Jauniskis, Edmundas"]
[Result "0-1"]
[WhiteElo "1046"]
[BlackElo "1491"]
[PlyCount "44"]
[EventDate "2018.08.18"]
[EventType "swiss"]
[EventRounds "8"]
[EventCountry "LTU"]
[SourceTitle "CBM 186 Extra"]
[Source "ChessBase"]
[SourceDate "2018.08.24"]
[SourceVersion "1"]
[SourceVersionDate "2018.08.24"]
[SourceQuality "1"]

1. Nf3 d5 2. d4 Nf6 3. Bf4 e6 4. e3 Bd6 5. Bxd6 Qxd6 6. c4 b6 7. Nc3 c6 8. cxd5 exd5 9. a3 0-0 10. Bd3 Re8 11. 0-0 Ne4 12. Qc2 f5 13. Ne5 Nd7 14. Nxd7 Bxd7 15. Bxe4 fxe4 16. h3 Qh6 17. Kh2 Rf8 18. Qe2 Rf3 19. Rh1 Raf8 20. Raf1 Bxh3 21. gxh3 Qxh3+ 22. Kg1 Qg4+ 0-1